000 00988cam a22002054a 4500
005 20250605163936.0
008 250528s ||||||||||||||||||||||||d
035 _a14880
020 _a415039339
040 _aGR-AtMCL
_bgre
_dGR-AtMCL
_eAACR2
245 1 _aUnderstanding News / Studies in Culture and Communication
250 _a1st
260 _bRouledge,
_c1982
300 _a208
520 _aThe book gives numerous examples of recent news output, and suggests questions and projects which highlight the issues at stake and illustrate how to ''read'' the news. Acknowledgements, General Editor's Preface, News as Communications, Reading the News, News and Society, Those who Threaten Disorder, Selection and Construction, Hail Fellow Well Met, A Winter of Disconnect, Producing the News: for Ourselves, Consuming Interest, Criticizing the News: What to Do, Conclusion, References, Index.
700 1 _aHartley John
_9623
942 _cBK
999 _c491
_d491